000 00599nam a22001577a 4500
008 140902b xxu||||| |||| 00| 0 eng d
020 _a0406090041
050 _aKD275.3.L39 (1866-67 vol.2)
245 _aThe Law Reports (1866-67 vol.2) Court of Common Pleas: from Michaelmas term,1866 to Trinity Term,1867. /
_cedited by James Redfoord Bulwer
260 _aLondon:
_bButterworth and Co. Ltd.,
_c1867.
300 _axIi,717p.:
_c24cm
440 _pCommon Pleas: from Michaelmas term,1866 to Trinity Term,1867
_vVol II
700 _aBulwer, James Redfoord
800 _aBuwler, J.
942 _2lcc
_cBK
999 _c4088
_d11588